00185nam a22000977a 4500003000400000082001400004100001700018245001500035260002900050300000800079SGT a823bNAR  aNARAYAN R.K  aTHE GUIDE  aUSA bPENGUIN PUB c2006 a196